000 00305nam a22001337a 4500
008 181107b xxu||||| |||| 00| 0 eng d
020 _a9780803611917
041 _aeng
080 _24 TH
_a615.83
100 _a8
101 _aEKZ
245 _aJoint Structure Function
_cPamela.K.L
942 _2udc
_cBK
999 _c52148
_d52148